|
|
|
|
| LEADER |
00736cam a2200193 a 4500 |
| 001 |
0000091333 |
| 005 |
20080520090000.0 |
| 040 |
|
|
|a mod
|
| 041 |
|
|
|a eng
|
| 020 |
0 |
0 |
|a 0393026906
|
| 090 |
0 |
0 |
|a R 347.732634 BRO(TCK)
|
| 100 |
0 |
0 |
|a Bronner, Ethan
|
| 111 |
0 |
0 |
|a United States-Supreme Court-Officials and employees-Selection and appointment
|
| 245 |
0 |
0 |
|a Battle for justice
|b how to bork nomination shook America
|c by Ethan Bronner
|
| 260 |
0 |
0 |
|a New York
|b W.W. Norton & Company
|c 1989
|
| 300 |
0 |
0 |
|a 399p.
|b ill.
|b 24cm
|
| 600 |
0 |
0 |
|a Bork, Robert H.
|
| 650 |
0 |
0 |
|a Political question and judicial power-United States, Judges-United States-Selection and appointment
|
| 999 |
|
|
|a H100002463
|b Maktab Pertahanan Angkatan Tentera
|d BOOKS
|e Rujukan
|f MPAT
|j AVAILABLE
|q OLD
|